Tobogán : libro de lectura 3

Gespeichert in:
Bibliographische Detailangaben
Weitere Verfasser: Silvente, Ana (ProgrammiererIn), Silvente, Ana Subdirección de la edición, programación y coordinación Parula, Beatriz N. Corominas, Analía López Ocón, Mónica Ilustradora Ravassi, Alejandro Ilustrador (ZusammenstellendeR, IllustratorIn)
Format: Buch
Sprache:Spanisch
Erschienen: Buenos Aires : Santillana, 1986
Ausgabe:1a ed.
Katalog:MANES:  Suchergebnis im Bibliothekskatalog
Schulbuchspezifische Eigenschaften:
Tags: Tag hinzufügen
Keine Tags, Fügen Sie den ersten Tag hinzu!
Hinzugefügt zu:05.09.2018
Geändert in:07.05.2025

MARC

LEADER 00000nam a22000007a 4500
005 20250507125835.0
008 180906b xxu||||| |||| 00| 0 spa d
040 |a centro_manes   |c bdocenteBA 
100 |9 22364  |a Silvente, Ana   |e Programación y redacción de textos 
245 |a Tobogán : libro de lectura 3  
250 |a 1a ed. 
260 |a Buenos Aires :   |b Santillana,  |c 1986 
300 |a 127 p. ;  |c 24 x 19 cm. 
500 |a Elaborado por el Departamento Editorial de Ediciones Santillana bajo la dirección de Herminia Mérega y subdirección de Celia Moyano y Ana Silvente. - Incluye un Cuaderno de actividades de 127 páginas (Inv. Nº 3133)   |a A este ejemplar se le asignó el número de inventario 3132. 
521 |a Argentina 
546 |a Argentina 
561 |5 ar-DOCE  |a Argentina. Biblioteca del Docente  |k MANES 
691 0 |a PRI 
690 0 |a EyL 
700 |9 10880  |a Silvente, Ana  |b Subdirección de la edición, programación y coordinación  |9 22368  |a Parula, Beatriz N.  |e Selección y redacción de textos  |9 22369  |a Corominas, Analía  |e Ilustradora  |9 10824  |a López Ocón, Mónica  |b Ilustradora  |9 10530  |a Ravassi, Alejandro  |b Ilustrador 
942 |2 ddc  |c BK 
999 |c 51639  |d 51639 
999 |c manes:51639  |d 51639